• 首页
  • 本馆介绍
  • 公告通知
  • 最新文献
  • 馆藏检索
  • 电子资源
  • 读者导购
  • 参考咨询
  • 我的图书馆
  • 登录
  • 详细信息显示
  • 放入我的书架
  • 预约/预借图书
  • 作者相关作品
  • 分类相关作品
  • 丛书相关作品
  • 出版社相关作品

书目信息

  • 表格格式
  • 工作单格式
  • 卡片格式
题名:
超越三星的战略
    
 
作者: 李龙赞 , 申丙徹 著 ;薛舟 , 徐丽红 译
分册:  
出版信息: 武汉   长江文艺出版社  2006.04
页数: 200页
开本: 23cm
丛书名:
单 册:
中图分类: F279.312.63
科图分类:
主题词: 企业管理--研究--韩国 , 企业管理
电子资源:
ISBN: 7-5354-3270-0
000 00944nam0 2200277 450
001 003152830
005 20060727132031.0
010    @a7-5354-3270-0@dCNY25.00
100    @a20100913d2006 em y0chiy0110 ea
101 1  @achi@ckor
102    @aCN@b420000
105    @ay z 000yy
200 1  @a超越三星的战略@Achao yue san xing de zhan lve@f(韩)李龙赞,(韩)申丙徹著@g薛舟,徐丽红译
210    @a武汉@c长江文艺出版社@d2006.04
215    @a200页@d23cm
305    @a韩国Sallim all rights reserved授权出版
330    @a本书介绍了战胜三星的16种战略,包括掌握核心竞争力、保持核心竞争力、必须拥有核心顾客、把自己的短处变成长处等。
606 0  @a企业管理@x研究@y韩国
606 0  @a企业管理
690    @aF279.312.63@v5
701  0 @c(韩)@a李龙赞@Ali long zan@4著
701  0 @c(韩)@a申丙徹@Ashen bing che@4著
702  0 @a薛舟@Axue zhou@4译
702  0 @a徐丽红@Axu li hong@c(女)@4译
905    @aBZT@dF279.312.63@e1
906    @dCNY25.00@n0@r1
    
    超越三星的战略/(韩)李龙赞,(韩)申丙徹著/薛舟,徐丽红译.-武汉:长江文艺出版社,2006.04
    200页;23cm
    
    
    ISBN 7-5354-3270-0:CNY25.00
    本书介绍了战胜三星的16种战略,包括掌握核心竞争力、保持核心竞争力、必须拥有核心顾客、把自己的短处变成长处等。
●
相关链接 在五车中查询图书 在当当中查询图书 在豆瓣中查询图书


正题名:超越三星的战略     索取号:F279.312.63/1         预约/预借

序号 登录号 条形码 馆藏地/架位号 状态 备注
1 774218   2000774218   中心书库北库/ 北库015架B面4列3层38/ [索取号:F279.312.63/1] 在馆    
2 774219   2000774219   中心书库北库/ 北库015架B面4列3层39/ [索取号:F279.312.63/1] 在馆    
3 774220   2000774220   中心书库北库/ 北库015架B面4列3层40/ [索取号:F279.312.63/1] 在馆    
4 774221   2000774221   中心书库北库/ 北库015架B面4列3层31/ [索取号:F279.312.63/1] 在馆    
5 774222   2000774222   中心书库北库/ 北库015架B面4列3层32/ [索取号:F279.312.63/1] 在馆    
6 774223   2000774223   中心书库北库/ 北库015架B面4列3层34/ [索取号:F279.312.63/1] 在馆    
7 774224   2000774224   中心书库北库/ 北库015架B面4列3层33/ [索取号:F279.312.63/1] 在馆    
8 774225   2000774225   中心书库北库/ 北库015架B面4列3层35/ [索取号:F279.312.63/1] 在馆    
9 774226   2000774226   中心书库北库/ 北库015架B面4列3层36/ [索取号:F279.312.63/1] 在馆    
10 774227   2000774227   中心书库北库/ 北库015架B面4列3层37/ [索取号:F279.312.63/1] 在馆    
山东省滨州职业学院图书馆 欢迎您!
大连网信软件有限公司© 版权所有